[Event "SRB-chT3 West CS"]
[Site "Serbia"]
[Date "2017.10.14"]
[Round "9.3"]
[White "Cvetic, Milan"]
[Black "Jovic, Branko"]
[Result "1/2-1/2"]
[WhiteElo "2026"]
[BlackElo "2013"]
[PlyCount "81"]
[EventDate "2017.09.03"]
[EventType "team-tourn"]
[EventRounds "11"]
[EventCountry "SRB"]
[SourceTitle "EXT 2021"]
[Source "ChessBase"]
[SourceDate "2020.10.23"]
[SourceVersion "1"]
[SourceVersionDate "2020.10.23"]
[SourceQuality "1"]

1. e4 c5 2. Nf3 e6 3. d4 cxd4 4. Nxd4 Nc6 5. Nc3 Qc7 6. Be2 a6 7. 0-0 Nf6 8. a3 Be7 9. Kh1 0-0 10. f4 d6 11. Bf3 Bd7 12. Be3 Rac8 13. Nb3 b5 14. Qd2 Rfd8 15. Qf2 Rb8 16. Qg3 Ne8 17. f5 Ne5 18. Bd4 Bf6 19. Bh5 Kh8 20. Qh3 Bc8 21. Bg4 Qe7 22. Rad1 Nc4 23. fxe6 fxe6 24. Rb1 Bd7 25. Qf3 a5 26. Bh5 a4 27. Bxe8 Rxe8 28. Bxf6 gxf6 29. Qxf6+ Qxf6 30. Rxf6 axb3 31. cxb3 Ne5 32. Rd1 Kg7 33. Rf2 Rf8 34. Rfd2 Rb6 35. Kg1 b4 36. axb4 Rxb4 37. Rxd6 Rxb3 38. Rxd7+ Nxd7 39. Rxd7+ Rf7 40. Rd2 Rfb7 41. Nd1 1/2-1/2

[Event "SRB Central-ch op-B 5th"]
[Site "Paracin"]
[Date "2012.07.09"]
[Round "4"]
[White "Cvetic, Milan"]
[Black "Rajic, Milovan"]
[Result "0-1"]
[WhiteElo "2063"]
[BlackElo "1865"]
[PlyCount "108"]
[EventDate "2012.07.06"]
[EventType "swiss"]
[EventRounds "9"]
[EventCountry "SRB"]
[SourceTitle "CBM 149 Extra"]
[Source "ChessBase"]
[SourceDate "2012.08.24"]
[SourceVersion "1"]
[SourceVersionDate "2012.08.24"]
[SourceQuality "1"]

1. e4 e5 2. Nf3 Nc6 3. d4 exd4 4. Nxd4 Bc5 5. Be3 Qf6 6. c3 Nge7 7. Nc2 Bxe3 8. Nxe3 0-0 9. Be2 d6 10. 0-0 a6 11. Nd2 Be6 12. f4 Qh6 13. Rf3 f5 14. exf5 Nxf5 15. Nxf5 Rxf5 16. g3 d5 17. Re3 Rff8 18. Nf3 Rad8 19. Ng5 Bc8 20. Bf3 Qd6 21. Qc2 Bf5 22. Qg2 h6 23. Nh3 d4 24. Ree1 d3 25. Rad1 Rfe8 26. Rxe8+ Rxe8 27. g4 Be6 28. Nf2 Bxa2 29. Nxd3 Bb3 30. Re1 Rxe1+ 31. Nxe1 Qxf4 32. Qe2 Ne5 33. Bxb7 Bc4 34. Qg2 Nxg4 35. Bd5+ Bxd5 36. Qxd5+ Kh8 37. Qd8+ Kh7 38. Qd3+ Kg8 39. Qd5+ Kf8 40. Qd8+ Kf7 41. Qd7+ Kg6 42. Qe8+ Kg5 43. h4+ Kf5 44. Qf7+ Ke4 45. Qg6+ Kd5 46. c4+ Kd4 47. Qxg7+ Kxc4 48. Qc3+ Kb5 49. Qb3+ Kc6 50. Qc2+ Kb6 51. Qg2 Qd4+ 52. Kh1 Nf2+ 53. Kg1 Nd1+ 54. Kh1 Qxh4+ 0-1

[Event "SRB Central-ch op-B 5th"]
[Site "Paracin"]
[Date "2012.07.07"]
[Round "3"]
[White "Zajic, Milun"]
[Black "Cvetic, Milan"]
[Result "1-0"]
[WhiteElo "1873"]
[BlackElo "2063"]
[PlyCount "121"]
[EventDate "2012.07.06"]
[EventType "swiss"]
[EventRounds "9"]
[EventCountry "SRB"]
[SourceTitle "CBM 149 Extra"]
[Source "ChessBase"]
[SourceDate "2012.08.24"]
[SourceVersion "1"]
[SourceVersionDate "2012.08.24"]
[SourceQuality "1"]

1. c4 Nf6 2. Nc3 e5 3. g3 d5 4. cxd5 Nxd5 5. Bg2 Nxc3 6. bxc3 Bc5 7. e3 0-0 8. Ne2 c6 9. d4 exd4 10. cxd4 Bd6 11. 0-0 Be6 12. Nc3 Bb4 13. Qc2 Qd7 14. Rd1 Bg4 15. f3 Bh3 16. Bh1 Bf5 17. e4 Bg6 18. Rb1 Na6 19. Bg2 Ba5 20. Be3 Bb6 21. Na4 Bd8 22. Bf1 b5 23. d5 cxd5 24. Bxb5 Qe6 25. Qc6 Nc7 26. Qxe6 fxe6 27. Bc6 Rc8 28. Bb7 Rb8 29. Bxa7 Rxb7 30. Rxb7 dxe4 31. fxe4 Bxe4 32. Rb8 Nd5 33. Bc5 Be7 34. Rxf8+ Kxf8 35. Re1 Bc2 36. Bxe7+ Kxe7 37. Nc5 Bf5 38. Kf2 Kd6 39. Nb3 Nc3 40. a3 e5 41. Rc1 Nd5 42. a4 Bd3 43. Nc5 Nb4 44. Ke3 Bc2 45. Na6 Nd5+ 46. Kf3 e4+ 47. Kg4 Bxa4 48. Nc5 Bd7+ 49. Nxd7 Kxd7 50. Kf5 Nf6 51. Ra1 e3 52. Re1 Ke7 53. Rxe3+ Kf7 54. Ra3 g6+ 55. Kg5 Ng8 56. Ra7+ Ne7 57. Kh6 Kf6 58. Kxh7 Nd5 59. Ra6+ Kf7 60. Rxg6 Ne3 61. Rb6 1-0

[Event "Battle of Senta op-B 15th"]
[Site "Senta"]
[Date "2011.07.17"]
[Round "3"]
[White "Paroski, Sinisa"]
[Black "Cvetic, Milan"]
[Result "1/2-1/2"]
[WhiteElo "2180"]
[BlackElo "2054"]
[PlyCount "92"]
[EventDate "2011.07.16"]
[EventType "swiss"]
[EventRounds "9"]
[EventCountry "SRB"]
[SourceTitle "EXT 2019"]
[Source "ChessBase"]
[SourceDate "2018.10.10"]
[SourceVersion "1"]
[SourceVersionDate "2018.10.10"]
[SourceQuality "1"]

1. e4 e5 2. Nf3 Nc6 3. Bb5 f5 4. d3 fxe4 5. dxe4 d6 6. Nc3 Nf6 7. h3 Be7 8. Qd3 0-0 9. Be3 Kh8 10. 0-0-0 Be6 11. Bc4 Bxc4 12. Qxc4 Nd7 13. Kb1 Qe8 14. h4 Nb6 15. Qe2 Nd8 16. h5 Ne6 17. g3 Qc6 18. Nh4 Bxh4 19. Rxh4 Nc4 20. h6 g6 21. f4 Rf7 22. b3 Nxe3 23. Qxe3 Raf8 24. Nd5 a5 25. f5 gxf5 26. exf5 Rxf5 27. Rc4 Qd7 28. Qa7 c6 29. Nb6 Qc7 30. Qxa5 Rf1 31. Rxf1 Rxf1+ 32. Kb2 Rf8 33. Rg4 Qf7 34. Nc4 Qf5 35. Rh4 Nd4 36. Rh2 d5 37. Nd6 Qf6 38. Nxb7 Nb5 39. a4 e4+ 40. c3 Nd6 41. Qc7 Nxb7 42. Qxb7 Qg6 43. Qe7 Re8 44. Qd7 Rf8 45. Qe7 Re8 46. Qd7 Rf8 1/2-1/2

[Event "SRB-chT Cup Central"]
[Site "Vrnjacka Banja"]
[Date "2011.05.02"]
[Round "7"]
[White "Mitrovic, Marjan"]
[Black "Cvetic, Milan"]
[Result "1-0"]
[WhiteElo "2127"]
[BlackElo "2051"]
[PlyCount "137"]
[EventDate "2011.05.01"]
[EventType "team"]
[EventRounds "7"]
[EventCountry "SRB"]
[SourceTitle "EXT 2012"]
[Source "ChessBase"]
[SourceDate "2011.11.24"]
[SourceVersion "1"]
[SourceVersionDate "2011.11.24"]
[SourceQuality "1"]

1. Nf3 Nf6 2. g3 c5 3. Bg2 Nc6 4. d4 cxd4 5. Nxd4 e5 6. Nxc6 bxc6 7. 0-0 Be7 8. c4 d5 9. Nc3 Be6 10. Qa4 0-0 11. Rd1 d4 12. Bxc6 Rc8 13. Nd5 Nxd5 14. cxd5 Bxd5 15. Bxd5 Qxd5 16. Qxa7 Bf6 17. Qa3 Ra8 18. Qf3 Qe6 19. a4 e4 20. Qa3 Rfb8 21. b4 d3 22. Ra2 Rxb4 23. Qxb4 Qxa2 24. Qxe4 Qxa4 25. Qxa4 Rxa4 26. exd3 Ra1 27. Re1 g5 28. Kf1 Bc3 29. Bd2 Ra3 30. Re8+ Kg7 31. Bxg5 Ra1+ 32. Kg2 Rd1 33. Rd8 Kg6 34. Be3 h5 35. h4 Bf6 36. Rd6 Kf5 37. d4 Bg7 38. Rd5+ Ke6 39. Rxh5 Bxd4 40. Bxd4 Rxd4 41. Rg5 f5 42. Rg6+ Kf7 43. Ra6 Rd3 44. h5 Kg7 45. Rg6+ Kf7 46. Rb6 Kg7 47. Rb5 Kf6 48. h6 Kg6 49. h7 Kxh7 50. Rxf5 Kg6 51. Ra5 Rc3 52. Kh3 Rf3 53. Kg2 Rc3 54. f4 Rc8 55. Kf3 Kf6 56. Ra6+ Kf7 57. f5 Rc1 58. Kf4 Rc7 59. Kg5 Rb7 60. g4 Rc7 61. Rh6 Kg7 62. f6+ Kg8 63. Kf5 Rc6 64. Kg6 Rc7 65. Rh1 Rg7+ 66. Kf5 Ra7 67. Re1 Ra8 68. Kg6 Rd8 69. g5 1-0

[Event "Senta op-A 11th"]
[Site "Senta"]
[Date "2007.07.21"]
[Round "1"]
[White "Cvetic, Milan"]
[Black "Andonov, Bogomil"]
[Result "0-1"]
[WhiteElo "2116"]
[BlackElo "2383"]
[PlyCount "46"]
[EventDate "2007.07.21"]
[EventType "swiss"]
[EventRounds "9"]
[EventCountry "YUG"]
[SourceTitle "CBM 119 Extra"]
[Source "ChessBase"]
[SourceDate "2007.09.04"]
[SourceVersion "1"]
[SourceVersionDate "2007.09.04"]
[SourceQuality "1"]

1. e4 c5 2. Nf3 Nc6 3. d4 cxd4 4. Nxd4 Qc7 5. Nc3 e6 6. Be3 Nf6 7. g3 a6 8. Bg2 Na5 9. 0-0 Nc4 10. Bc1 Bc5 11. b3 Ne5 12. Na4 Ba7 13. Kh1 b5 14. Nb2 Bb7 15. f4 Nc6 16. Nxc6 Qxc6 17. Re1 Nxe4 18. Rxe4 Qxe4 19. Qd2 Rc8 20. c4 Qd4 21. Qxd4 Bxg2+ 22. Kxg2 Bxd4 23. Rb1 0-0 0-1